Państwa od tyłu - Statystyki

Ogólne statystyki
  • Ten quiz został rozwiązany 209 razy
  • Średni wynik to 47 z 50
Statystyki odpowiedzi
Od tyłu Normalnie % Poprawnych
Ainabla Albania
100%
Arodna Andora
100%
Ailgna Anglia
97%
Ainemra Armenia
97%
Airtsua Austria
97%
Aigleb Belgia
96%
Śurołaib Białoruś
96%
Aniwogecreh i Ainśob Bośnia i Hercegowina
96%
Airagłub Bułgaria
95%
Rpyc Cypr
95%
Arógonrazc Czarnogóra
95%
Yhcezc Czechy
95%
Ainad Dania
95%
Ainotse Estonia
95%
Aidnalnif Finlandia
94%
Ajcnarf Francja
94%
Ajcerg Grecja
94%
Ajzurg Gruzja
94%
Ainapzsih Hiszpania
94%
Aidnaloh Holandia
93%
Aidnalri Irlandia
93%
Anconłóp Aidnalri Irlandia Północna
93%
Aidnalsi Islandia
93%
Natshcazak Kazachstan
93%
Owosok Kosowo
93%
Nietsnethceil Liechtenstein
93%
Awtil Litwa
93%
Awtoł Łotwa
93%
Grubmeskul Luksemburg
93%
Anconłóp Ainodecam Macedonia Północna
93%
Atlam Malta
93%
Aiwadłom Mołdawia
93%
Okanom Monako
93%
Ycmein Niemcy
93%
Aigewron Norwegia
93%
Akslop Polska
93%
Ajsor Rosja
93%
Ajcrut Turcja
93%
Ailagutrop Portugalia
92%
Ainumur Rumunia
92%
Oniram Nas San Marino
92%
Aibres Serbia
92%
Ajcawołs Słowacja
92%
Ainewołs Słowenia
92%
Ajcokzs Szkocja
92%
Ajcewzs Szwecja
92%
Aniarku Ukraina
92%
Ailaw Walia
92%
Nakytaw Watykan
92%
Yhcołw Włochy
92%
Nie znaleziono quizów pasujących do podanych kryteriów
Rozkład punktacji
Procent ludzi z każdym wynikiem
Percentyl według liczby udzielonych odpowiedzi
Twoja historia wyników
Nie rozwiązałeś tego quizu